Democracia cristiana: tres manifiestos políticos. Manifiesto político mundial de los Demócratas Cristianos (Roma, Italia, 16 de julio 1976). Manifiesto político de la Democracia Cristiana (Caracas, Venezuela, 3 al 5 de diciembre 1981). Democratización y crisis (San José, Costa Rica, 5 de octubre 1985)
Wedi'i Gadw mewn:
| Fformat: | Llyfr |
|---|---|
| Iaith: | Spanish |
| Tagiau: |
Ychwanegu Tag
Dim Tagiau, Byddwch y cyntaf i dagio'r cofnod hwn!
|
MARC
| LEADER | 00000nam a22000007a 4500 | ||
|---|---|---|---|
| 003 | cru CIDCAS/IIS | ||
| 005 | 20230207131741.0 | ||
| 007 | ta | ||
| 008 | 230207s1986 gt |||p|r|||| 00| 0 spa d | ||
| 040 | |c cru CIDCAS/IIS | ||
| 245 | |a Democracia cristiana: |b tres manifiestos políticos. Manifiesto político mundial de los Demócratas Cristianos (Roma, Italia, 16 de julio 1976). Manifiesto político de la Democracia Cristiana (Caracas, Venezuela, 3 al 5 de diciembre 1981). Democratización y crisis (San José, Costa Rica, 5 de octubre 1985) | ||
| 300 | |a 106 páginas | ||
| 500 | |a Colección Centroamérica | ||
| 773 | 0 | |0 42330 |9 8165 |a Instituto Centroamericano de Estudios Políticas |d Guatemala : INCEP |o 22461 |t Panorama Centroamericano : | |
| 942 | |2 ddc |c PP | ||
| 999 | |c 44727 |d 44727 | ||
